| 000 | 00682nam a2200229Ia 4500 | ||
|---|---|---|---|
| 003 | OSt | ||
| 005 | 20230411160655.0 | ||
| 008 | 210423s2015 xx 000 0 und d | ||
| 020 | _a978-1-292-00865-3 | ||
| 040 | _cAL | ||
| 041 | _aeng | ||
| 082 |
_a574 _223 _bCAMB |
||
| 100 |
_aCAMPBELL (Neil A);REECE (Jane B);URRY (Lisa A);CAIN (Michael L);WASSERMAN (Stevan A);MINORSKY (Peter V);JACKSON (Robert B) _986453 |
||
| 245 | _aBiology: a global approach Ed 10 | ||
| 250 | _a10 | ||
| 260 |
_aBoston _bPearson _c2015 |
||
| 300 |
_a1-1351, A-2 I-56 _bPB |
||
| 365 |
_b4772.66 _cGBP |
||
| 650 |
_aBiology _986454 |
||
| 906 | _a10 ; approach ; Biology: ; global | ||
| 942 |
_2ddc _cBK |
||
| 999 |
_c169710 _d169710 |
||